Tourism: A Modern Synthesis / (Record no. 617015)

000 -LEADER
fixed length control field 00416nam a22001577a 4500
003 - CONTROL NUMBER IDENTIFIER
control field NUST
005 - DATE AND TIME OF LATEST TRANSACTION
control field 20260413153851.0
008 - FIXED-LENGTH DATA ELEMENTS--GENERAL INFORMATION
fixed length control field 260413b ||||| |||| 00| 0 eng d
020 ## - INTERNATIONAL STANDARD BOOK NUMBER
International Standard Book Number 1-861526407
082 ## - DEWEY DECIMAL CLASSIFICATION NUMBER
Classification number 338.4791
Author Mark PAS
100 ## - MAIN ENTRY--PERSONAL NAME
Personal name Page J.Stephen.
9 (RLIN) 134084
245 ## - TITLE STATEMENT
Title Tourism: A Modern Synthesis /
Statement of responsibility, etc. Page J.Stephen.
260 ## - PUBLICATION, DISTRIBUTION, ETC.
Name of publisher, distributor, etc. Thomson Learning,
Date of publication, distribution, etc. 2001.
300 ## - PHYSICAL DESCRIPTION
Extent 475 p ;
Dimensions 36.2 cm
942 ## - ADDED ENTRY ELEMENTS (KOHA)
Source of classification or shelving scheme
Koha item type Book
Holdings
Withdrawn status Lost status Source of classification or shelving scheme Damaged status Not for loan Permanent Location Current Location Date acquired Total Checkouts Full call number Barcode Date last seen Price effective from Koha item type
          Institute of Geographical Information Systems (IGIS) Institute of Geographical Information Systems (IGIS) 04/13/2026   338.4791 PAS IGIS-389 04/13/2026 04/13/2026 Book
© 2023 Central Library, National University of Sciences and Technology. All Rights Reserved.